| 000 | 00000nam 2200000za 4500 |
| 001 | 9.846866 |
| 003 | CaOODSP |
| 005 | 20221107153315 |
| 007 | cr ||||||||||| |
| 008 | 171109s1986 onc os f000 0 eng d |
| 040 | |aCaOODSP|beng |
| 043 | |an-cn--- |
| 086 | 1 |aCS11-612/1PE-PDF |
| 100 | 1 |aHagey, N. Janet. |
| 245 | 10|aGeneral Social Survey - preliminary data |h[electronic resource] : |bcycle one : health and social support : notes for presentation to Canadian Public Health Association / |cJanet Hagey, Housing, Family and Social Statistics Division, Statistics Canada. |
| 250 | |aRev. July 14, 1986. |
| 260 | |a[Ottawa] : |bStatistics Canada, |c1986. |
| 300 | |a4, [42] p. |
| 500 | |a"June 18, 1986." |
| 500 | |aChiefly tables. |
| 500 | |aDigitized edition from print [produced by Statistics Canada]. |
| 530 | |aIssued also in print format. |
| 610 | 20|aGeneral Social Survey (Canada) |
| 692 | 07|2gccst|aHealth |
| 692 | 07|2gccst|aSocial conditions |
| 692 | 07|2gccst|aStatistics |
| 692 | 07|2gccst|aSocial surveys |
| 710 | 1 |aCanada.|bStatistics Canada.|bHousing, Family and Social Statistics Division. |
| 856 | 40|qPDF|s8.40 MB|uhttps://publications.gc.ca/collections/collection_2017/statcan/CS11-612-1P-eng.pdf |
| 986 | |a11-612E, no. 1P |